| 000 | 01240nam a2200373 i 4500 | ||
|---|---|---|---|
| 001 | 1315 | ||
| 003 | KOSZ 005 | ||
| 005 | 20221024094156.0 | ||
| 008 | 000803s1979 pl a f |001 0 pol | ||
| 015 | _aPB 1979/4856 | ||
| 020 | _a8320400821 | ||
| 040 |
_aWA N _cWA N _dKOSZ 005/HR |
||
| 041 | 0 | _apol | |
| 046 | _k1979 | ||
| 080 | _a658.56 | ||
| 080 | _a621.791/.795 | ||
| 100 | 1 |
_aPiwowar, Stanisław _d(1920-2010) _eAutor |
|
| 245 | 1 | 0 |
_aKontrola procesów spawalniczych / _cStanisław Piwowar. |
| 250 | _aWyd. 2 popr. i uaktual. | ||
| 260 |
_aWarszawa : _bWydawnictwa Naukowo-Techniczne, _c1979. |
||
| 300 |
_a398, [2] s. : _bil., tab., wykr. ; _c21 cm. |
||
| 336 |
_2rdacontent _aTekst _btxt |
||
| 337 |
_2rdamedia _aBez urządzenia pośredniczącego _bn |
||
| 338 |
_2rdacarrier _aWolumin _bnc |
||
| 380 | _aKsiążki | ||
| 388 | _a1901-2000 | ||
| 388 | _a1945-1989 | ||
| 504 | _aWykaz norm spawalniczych s. 381-386. - Bibliogr. s. 387-389. - Indeks. | ||
| 650 | 4 | _aSpawalnictwo | |
| 658 | _aInżynieria i technika | ||
| 710 | 2 |
_aWydawnictwa Naukowo-Techniczne _4pbl. |
|
| 856 |
_uhttp://koha.tu.koszalin.pl/cgi-bin/koha/opac-detail.pl?biblionumber=1315 _yKatalog online BPK |
||
| 942 |
_2UKD _cKS |
||
| 999 |
_c1315 _d1315 |
||